Pays par son extrême - Statistiques

Statistiques générales
  • Ce quiz a été pris 146 fois
  • Le résultat moyen est 11 sur 20
Statistiques - réponses
Questions Réponses % Correct
Quel pays possède la ville la plus froide du monde ? Russie (Oïmiakon, -67,7°C)
96%
Quel est le pays le plus peuplé du monde ? Inde (environ 1,4 milliard d’habitants)
95%
Quel est le plus petit pays du monde en superficie ? Vatican (0,44 km²)
91%
Quel pays possède la plus longue frontière terrestre avec un autre pays ? Canada / États-Unis (8 891 km)
82%
Quel pays a le plus grand nombre de fuseaux horaires ? France (13 fuseaux)
73%
Quel pays possède le plus haut sommet du monde ? Népal (Mont Everest, 8 849 m)
70%
Quel pays possède la plus grande superficie forestière ? Russie (plus de 8 millions de km² de forêts)
63%
Quel pays est traversé par le plus grand nombre de rivières ? Russie (plus de 100 000 rivières)
60%
Quel pays possède la plus grande barrière de corail du monde ? Australie (Grande Barrière de Corail, 2 300 km de long)
56%
Quel pays détient le record du plus grand lac du monde ? Russie (Mer Caspienne, 371 000 km²)
56%
Dans quel pays se trouve la capitale située à la plus haute altitude ? Bolivie (La Paz, 3 640 m)
53%
Quel pays est officiellement reconnu comme ayant la population la plus heureuse du monde ? Finlande (selon l’ONU, World Happiness Report)
50%
Quel pays possède la plus longue plage continue du monde ? Brésil (Plage Cassino, 254 km)
46%
Quel pays a enregistré la température la plus chaude jamais mesurée ? États-Unis (Furnace Creek, Vallée de la Mort, 56,7°C en 1913)
44%
Quel pays possède la route la plus longue du monde ? Canada (Route Transcanadienne, environ 7 821 km)
31%
Quel pays possède l’île habitée la plus isolée du monde ? Royaume-Uni (Tristan da Cunha)
30%
Quel est le pays qui possède le plus d’îles ? Suède (environ 267 000 îles)
27%
Quel pays a la plus grande proportion de son territoire recouvert d’eau ? Canada (près de 9% de sa superficie est couverte d’eau)
24%
Dans quel pays se trouve le point le plus bas sur Terre ? Jordanie / Israël (Mer Morte, -430 m)
16%
Quel est le pays le plus aride du monde ? Chili (Désert d’Atacama, moins de 1 mm de pluie par an)
14%
Aucun quiz correspondant
Distribution des résultats
% des personnes avec chaque résultat
Percentile par nombre de réponses
Votre historique - résultats
Vous n’avez pas pris ce quiz